000 00400pam a2200169 a 4500
020 _c
041 _h
082 _bHOU
100 _aHOULETTE.
245 _aTROUBLESHOOTING SQL/
_hTextual Documents
250 _a01-01-2001.
260 _bTATA MC GRAW HILL PUB. CO.LTD. NEW DELHI-110 008
300 _aXXIII/357
500 _a3230
653 _aSOFTWARE ENGINEERING (T.E.-II)
930 _a2937
999 _c46162
_d46162